000 00459nam a2200109Ia 4500
008 160909s9999 xx 000 0 und d
100 _aKillen, Mercedes A.
245 4 _aThe relationship between parents' perceptions of their child's emotional intelligence and academic performance among students with autism spectrum disorder
260 _bCapella University
_c2016
650 _aPSYCHOLOGY
856 _uhttp://pqdtopen.proquest.com/doc/1803588900.html?FMT=ABS
999 _c304089
_d304089